Optimalizácia robotickej bunky pomocou fyzikálnej simulácie stochastického rozloženia objektov v zásobovacom kontajnery v softvérovom prostredí Photoneo Bin Picking Studio

Gespeichert in:
Bibliographische Detailangaben
1. Verfasser: Šipoš, Lukáš (Verfasst von)
Weitere Verfasser: Vachálek, Ján (Betreuung Doktorarbeit)
Format: Manuskript Buch
Sprache:Slowakisch
Veröffentlicht: 2024
Schlagworte:
Online-Zugang:http://is.stuba.sk/zp/portal_zp.pl?podrobnosti=179333
Tags: Tag hinzufügen
Keine Tags, Fügen Sie das erste Tag hinzu!

MARC

LEADER 00000ntm a22000003a 4500
001 stuzp99387
003 SK-STU
005 20250306094142.7
007 ta
008 150427s2015----xo-----f-mn---000-0-slo-d
040 |a STU  |b slo 
041 0 |a slo 
100 1 |a Šipoš, Lukáš  |u 020020  |4 aut  |U SjF Strojnícka fakulta  |T SjF Ústav automatizácie, informatizácie a merania  |X 104000  |U J0020  |Y 802  |7 104000 
242 0 1 |a Robotic cell optimization using physical simulation of stochastic distribution of objects in a supply container in the Photoneo Bin Picking Studio software environment  |y eng 
245 1 0 |a Optimalizácia robotickej bunky pomocou fyzikálnej simulácie stochastického rozloženia objektov v zásobovacom kontajnery v softvérovom prostredí Photoneo Bin Picking Studio 
260 |c 2024 
650 4 |a robotická bunka  |2 slo 
650 4 |a simulácia  |2 slo 
650 4 |a optimalizácia  |2 slo 
650 4 |a robotické rameno  |2 slo 
650 4 |a Photoneo  |2 slo 
650 4 |a simulation  |2 eng 
650 4 |a robotic cell  |2 eng 
650 4 |a robotic arm  |2 eng 
650 4 |a Photoneo  |2 eng 
650 4 |a optimalization  |2 eng 
700 1 |a Vachálek, Ján  |u 020020  |k Z1  |4 ths  |U SjF Strojnícka fakulta  |T SjF Ústav automatizácie, informatizácie a merania  |X 2232  |U J0020  |Y 802  |7 A000002232 
856 4 |u http://is.stuba.sk/zp/portal_zp.pl?podrobnosti=179333 
996 |b 284J047767  |c J* 3857/DDP  |l JJSK  |s A  |a 24  |w stuzp99387_0001